| 000 | 00384nam a2200133Ia 4500 | ||
|---|---|---|---|
| 005 | 20260326100038.0 | ||
| 008 | 260326s9999||||xx |||||||||||||| ||und|| | ||
| 100 | _aPhillips, Anghelen Arrington | ||
| 245 | 0 |
_aGingerbread Houses - Haiti“s Endangered Species / _cAnghelen Arrington Phillips |
|
| 260 | _bDeschamps | ||
| 300 | _a92 p. | ||
| 650 | _aARQUITECTURA REGIONAL | ||
| 942 | _cBK | ||
| 999 |
_c6910 _d6910 |
||